000 00582cam a22002053a 4500
001 33859
003 PGUSA
005 20140828083730.0
008 101015s2010||||xxu|||||s|||||000 | eng d
040 _aPGUSA
_beng
042 _adc
100 1 _aGerard, John,
_d1840-1912
245 1 4 _aThe Old Riddle and the Newest Answer
_h[electronic resource] /
_cJohn Gerard
260 _bProject Gutenberg,
_c2010
506 _aPublic domain in the USA.
516 _aElectronic text
830 0 _aProject Gutenberg
_v33859
856 4 0 _uhttp://www.gutenberg.org/ebooks/33859
942 _cEB
999 _c263114
_d263114